|
|
|
|
| LEADER |
00924nam a2200253 a 4500 |
| 001 |
40049 |
| 003 |
BD-DhAAL |
| 008 |
221114t1998 nyu 000 0 eng d |
| 999 |
|
|
|c 45045
|d 45045
|
| 010 |
|
|
|a 97051717
|
| 020 |
|
|
|a 0393046389
|
| 040 |
|
|
|a DLC
|c DLC
|d DLC
|d BD-DhAAL
|
| 050 |
0 |
0 |
|a HB74.5
|b .K78 1998
|
| 082 |
0 |
0 |
|a 330
|2 21
|
| 100 |
1 |
|
|a Krugman, Paul R.
|9 52338
|
| 245 |
1 |
4 |
|a The accidental theorist :
|b and other dispatches from the dismal science /
|c Paul Krugman.
|
| 250 |
|
|
|a First edition.
|
| 260 |
|
|
|a New York :
|b Norton,
|c c1998.
|
| 300 |
|
|
|a 204 pages ;
|c 22 cm.
|
| 541 |
|
|
|a Donated By Akbar Ali Khan
|e 40049
|
| 650 |
|
0 |
|a Economics.
|9 52339
|
| 852 |
|
|
|a Ayesha Abed Library
|c Akbar Ali Khan Collection
|
| 942 |
|
|
|2 ddc
|c BK
|
| 952 |
|
|
|0 0
|1 0
|2 ddc
|4 0
|6 330_000000000000000_KRU
|7 1
|9 72339
|a BRACUL
|b BRACUL
|c AAKC
|d 2022-11-14
|e Donated by Akbar Ali Khan
|g 2546.28
|l 0
|o 330 KRU
|p 3010040049
|r 2022-11-14
|t 1
|w 2022-11-14
|y BK
|x $25.00
|